书目信息 |
| 题名: |
红豆年糕汤
|
|
| 作者: | 太宰治 , 织田作之助 著 ;黄碧君 译 | |
| 分册: | ||
| 出版信息: | 北京 中译出版社 2022.04 |
|
| 页数: | 12, 167页 | |
| 开本: | 19cm | |
| 丛书名: | ||
| 单 册: | ||
| 中图分类: | I313.15 | |
| 科图分类: | ||
| 主题词: | 散文集--san wen ji--日本--现代 , 小说集--xiao shuo ji--日本--现代 | |
| 电子资源: | ||
| ISBN: | 978-7-5001-7024-2 | |
| 000 | 01479nam0 2200289 450 | |
| 001 | 011025154603 | |
| 005 | 20221025154603.0 | |
| 010 | @a978-7-5001-7024-2@dCNY48.00 | |
| 100 | @a20201004d2022 em y0chiy0110 ea | |
| 101 | 1 | @achi@cjpn |
| 102 | @aCN@b110000 | |
| 105 | @ay z 000zy | |
| 106 | @ar | |
| 200 | 1 | @a红豆年糕汤@Ahong dou nian gao tang@e暖胃暖心的餐桌故事@f(日) 太宰治, (日) 织田作之助等著@g黄碧君译 |
| 210 | @a北京@c中译出版社@d2022.04 | |
| 215 | @a12, 167页@d19cm | |
| 300 | @a和风录 | |
| 305 | @a由四块玉文创有限公司授权出版 | |
| 330 | @a由文豪们接力讲述舌尖上的迷人故事:收录寿司文学代表作、餐桌奇谈、庶民美食,以及美食家的洋食杂感,无赖派大师的戒酒之心等。作品中并不是单纯地描述料理本身或用餐的过程,而是通过美食,表现吃饭的场景、心理描写、回忆,甚至传达和食文化与美学意识。如果读者对饮食故事的情有独钟,不论是《深夜食堂》的铁粉、《孤独的美食家》的拥护者,或单纯只是吃货一枚,日本文豪们——北大路鲁山人、太宰治、正冈子规、冈本加乃子、堀辰雄、织田作之助——无穷食欲的展现,生命热情的脉动,所酿造出越陈越香的回忆,味蕾上的异想佳作集结,都不容错过。 | |
| 517 | 1 | @a暖胃暖心的餐桌故事@Anuan wei nuan xin de can zhuo gu shi |
| 606 | 0 | @a散文集@Asan wen ji@y日本@z现代 |
| 606 | 0 | @a小说集@Axiao shuo ji@y日本@z现代 |
| 690 | @aI313.15@v5 | |
| 701 | 0 | @c(日)@a太宰治@Atai zai zhi@f(1909-1948)@4著 |
| 701 | 0 | @c(日)@a织田作之助@Azhi tian zuo zhi zhu@f(1913-1947)@4著 |
| 702 | 0 | @a黄碧君@Ahuang bi jun@4译 |
| 905 | @a河南城建学院图书馆@dI313.15@eT079 | |
| 红豆年糕汤:暖胃暖心的餐桌故事/(日) 太宰治, (日) 织田作之助等著/黄碧君译.-北京:中译出版社,2022.04 |
| 12, 167页;19cm |
| 和风录 |
| ISBN 978-7-5001-7024-2:CNY48.00 |
| 由文豪们接力讲述舌尖上的迷人故事:收录寿司文学代表作、餐桌奇谈、庶民美食,以及美食家的洋食杂感,无赖派大师的戒酒之心等。作品中并不是单纯地描述料理本身或用餐的过程,而是通过美食,表现吃饭的场景、心理描写、回忆,甚至传达和食文化与美学意识。如果读者对饮食故事的情有独钟,不论是《深夜食堂》的铁粉、《孤独的美食家》的拥护者,或单纯只是吃货一枚,日本文豪们——北大路鲁山人、太宰治、正冈子规、冈本加乃子、堀辰雄、织田作之助——无穷食欲的展现,生命热情的脉动,所酿造出越陈越香的回忆,味蕾上的异想佳作集结,都不容错过。 |
| ● |
| 相关链接 |
|
|
|
正题名:红豆年糕汤
索取号:I313.15/T079
 
预约/预借
| 序号 | 登录号 | 条形码 | 馆藏地/架位号 | 状态 | 备注 |
| 1 | 1590902 | 215909024 | 文学库116/116文学库 14排1列2层/ [索取号:I313.15/T079] | 在馆 | |
| 2 | 1590903 | 215909033 | 文学库116/116文学库 14排1列2层/ [索取号:I313.15/T079] | 在馆 |